000 00831nam a2200229Ii 4500
003 JO-AjNU
008 230605s9999||||xx |||||||||||||| ||und||
017 _a1426/5957
020 _a9960-29-520-6
040 _aJO-AjNU
_bara
_erda
_cJO-AjNU
041 _aara
050 1 4 _aBP184.3 2005
100 3 _aجمع وإعداد: الشريف، عمر بن محمد بن مسعود,
_eauthor
_943507
245 0 0 _aأحاديث وعظات في فضل التبكير الى الصلوات و 120 مسألة في أحكام المسبوق في سائر الصلوات
250 _aط1
264 3 1 _aالرياض: وزارة الشؤون الاسلامية، 2005
300 _a194ص
336 _atext
_btxt
_2rdacontent
337 _aunmediated
_bn
_2rdamedia
338 _avolume
_bnc
_2rdacarrier
650 4 _aالصلاة
_943508
999 _aA18709
_c22277
_d22277